| 000 | 00514nam a22001457a 4500 | ||
|---|---|---|---|
| 005 | 20161205112433.0 | ||
| 008 | 161205b xxu||||| |||| 00| 0 eng d | ||
| 040 | _cPK-LaUMT | ||
| 082 |
_aMMC 954.918 _bMOS-S |
||
| 100 | _aMosa Bhutto, Muhammad موسی بھٹو، محمد | ||
| 245 |
_aSindh : سندھ _bmazi haal aur mustabbil ماضی حال اور مستقبل _cMuhammad Mosa Bhutto محمد موسی بھٹو |
||
| 260 |
_aHaiderabad : _bBabul Islam Publications, _c1987 |
||
| 300 | _a163 p. | ||
| 942 | _cBK | ||
| 999 |
_c89076 _d89076 |
||